From 'People' to 'citizen' democracy's must take road / (Record no. 150906)

MARC details
000 -LEADER
fixed length control field 00631nam a22002057a 4500
005 - DATE AND TIME OF LATEST TRANSACTION
control field 20250603172256.0
010 ## - LCCN (DPL NO)
LC control number ENG-122525 ENG-145175
020 ## - INTERNATIONAL STANDARD BOOK NUMBER
International Standard Book Number 9789383166237
Terms of availability 650.00
035 ## - SYSTEM CONTROL NUMBER
System control number EN-106057
035 ## - SYSTEM CONTROL NUMBER
System control number EN-128707
037 ## - SOURCE OF ACQUISITION
Source of stock number/acquisition DBAD/PUB.
082 ## - DEWEY DECIMAL CLASSIFICATION NUMBER
Classification number 323.60954
100 ## - MAIN ENTRY--PERSONAL NAME
Personal name Gupta, Dipankar
245 ## - TITLE STATEMENT
Title From 'People' to 'citizen' democracy's must take road /
Statement of responsibility, etc by Dipankar Gupta
260 ## - PUBLICATION, DISTRIBUTION, ETC. (IMPRINT)
Place of publication, distribution, etc New Delhi
Name of publisher, distributor, etc Social Science Press
Date of publication, distribution, etc 2017
270 ## - ADDRESS
Address 69, Jor Bagh,
City New Delhi
Postal code 110003
300 ## - PHYSICAL DESCRIPTION
Extent 205p.
Other physical details ill.
Dimensions 22cm.(Hb)
500 ## - GENERAL NOTE
General note Includes index
942 ## - ADDED ENTRY ELEMENTS (KOHA)
Source of classification or shelving scheme Dewey Decimal Classification
Item type English Books
Call number suffix GUP
Classification part 323.60954
Holdings
Withdrawn status Lost status Not for loan Collection code Home library Current library Date acquired Source of acquisition Cost, normal purchase price Full call number Barcode Copy number Cost, replacement price Koha item type
    Not For Loan Non-fiction D.B.Act.Division Patel Nagar 09/04/2018 DBAD/PUB 650.00 323.60954 GUP EN-106057 1 650.00 English Books
      Non-fiction RC3 Shakur Pur RC3 Shakur Pur 03/06/2025 Delivery of Books Act Division 650.00 GUP 323.60954 EN-128707 1 650.00 English Books

© Delhi Public Library
Hit Counter
free hit counter